Score 0/47 Timer 06:00
0 Plays Today
County Town % Correct
HarjumaaTallinn
98.3%
TartumaaTartu
95.8%
PärnumaaPärnu
92.4%
Ida-VirumaaNarva
89.1%
PõlvamaaPõlva
86.6%
RaplamaaRapla
86.6%
ViljandimaaViljandi
85.7%
SaaremaaKuressaare
84.9%
ValgamaaValga
84.9%
JõgevamaaJõgeva
84.9%
VõrumaaVõru
84%
LäänemaaHaapsalu
79.8%
HiiumaaKärdla
79.8%
Lääne-VirumaaRakvere
77.3%
Ida-VirumaaKohtla-Järve
73.9%
JärvamaaPaide
73.1%
HarjumaaMaardu
72.3%
Ida-VirumaaJõhvi
68.9%
Ida-VirumaaSillamäe
68.1%
JärvamaaTüri
64.7%
HarjumaaSaue
64.7%
HarjumaaKeila
63%
TartumaaElva
60.5%
JõgevamaaPõltsamaa
60.5%
County Town % Correct
Lääne-VirumaaTapa
56.3%
HarjumaaPaldiski
54.6%
Ida-VirumaaNarva-Jõesuu
54.6%
PõlvamaaRäpina
51.3%
ValgamaaOtepää
51.3%
HarjumaaLoksa
49.6%
PärnumaaKilingi-Nõmme
49.6%
Ida-VirumaaKiviõli
48.7%
PärnumaaSindi
48.7%
VõrumaaAntsla
46.2%
ValgamaaTõrva
45.4%
LäänemaaLihula
45.4%
JõgevamaaMustvee
41.2%
Lääne-VirumaaTamsalu
37%
ViljandimaaAbja-Paluoja
35.3%
ViljandimaaSuure-Jaani
34.5%
TartumaaKallaste
34.5%
ViljandimaaKarksi-Nuia
33.6%
Lääne-VirumaaKunda
32.8%
ViljandimaaMõisaküla
31.9%
HarjumaaKehra
30.3%
ViljandimaaVõhma
29.4%
Ida-VirumaaPüssi
28.6%

You're not logged in!

Compare scores with friends on all Sporcle quizzes.
OR
Log In

Sporcle TV

Today on Sporcle TV


Watch our educational content, quiz creation guides, and fun videos on Sporcle TV.

Show Comments

Extras

Created Dec 27, 2012SourceReportNominate
Tags:estonia, town

Top Quizzes Today


Score Distribution

Paid Content

Your Account Isn't Verified!

In order to create a playlist on Sporcle, you need to verify the email address you used during registration. Go to your Sporcle Settings to finish the process.

Report this User

Report this user for behavior that violates our Community Guidelines.

Details: